Costa Rica: cruzada derechista
Na minha lista:
| Formato: | Texto |
|---|---|
| Idioma: | Spanish |
| Assuntos: | |
| Tags: |
Adicionar Tag
Sem tags, seja o primeiro a adicionar uma tag!
|
MARC
| LEADER | 00000 a a2200000 04500 | ||
|---|---|---|---|
| 001 | 18038 | ||
| 003 | cru CIDCACS/IIS | ||
| 005 | 20200611062549.0 | ||
| 008 | 191126b ||||| |||| 00| 0 spa d | ||
| 999 | |c 42640 |d 42640 | ||
| 040 | |c cru CIDCACS/IIS | ||
| 245 | 0 | |a Costa Rica: |b cruzada derechista | |
| 300 | |a páginas 170 | ||
| 650 | 0 | |a DERECHA |9 5736 | |
| 650 | 0 | |a MOVIMIENTOS SOCIALES |9 3 | |
| 650 | 0 | |a TRABAJADORES |9 1512 | |
| 651 | 0 | |9 32 |a COSTA RICA | |
| 773 | 0 | |0 42391 |9 3893 |a Agencia Latinoamericana de Información, ALAI |d Quito, Ecuador: ALAI |o 04428 |t ALAI: |x 08275564 (Servicio mensual de información y documentación) | |
| 942 | |2 ddc |c PP | ||
